000 00474nam a2200193Ia 4500
008 170918s9999 xx 000 0 und d
020 _a9781846650734
050 _bA355 2006
100 _aAlcott, Louisa M.
245 _aLittle women /
245 _cby Louisa M. Alcott.
260 _aLondon :
260 _bCharrles Baker Ltd.,
260 _c2006
300 _a106 pages :
300 _billustrations ;
300 _c22cm.
300 _eCharles baker classics.
999 _c343329
_d343329